000 00530nam a22001937a 4500
003 KOHA_MİRAKIL
005 20250407144257.0
008 250407b tu ||||| |||| 00| 0 tur d
020 _a9786052902394
040 _aTR-AnABB
_btur
_cTR-AnABB
041 _atur
082 _a813.42
_bOZD 2022
100 1 _aÖzdemir, Emrah,
245 1 0 _aHarmança /
_cEmrah Özdemir
260 _aİstanbul :
_bMetamorfoz Yayıncılık,
_c2022
300 _a358 sayfa ;
_c20 cm
650 0 4 _aTürk edebiyatı, roman
942 _2ddc
_cBK
999 _c8591
_d8591
900 _bGizem YORULMAZ